Governments of the world : a student companion vol. 1 : Aden - Imperialism (Record no. 30570)

MARC details
000 -LEADER
fixed length control field 00628nam a2200181Ia 4500
020 ## - INTERNATIONAL STANDARD BOOK NUMBER
ISBN 9780195084863
050 ## - CALL MARK
Classification number JF 127 .P56/
100 ## - STATEMENT OF RESPONSIBILITY--MAIN AUTHOR NAME
Personal name Pious, Richarch M.
245 #0 - TITLE STATEMENT
Title Governments of the world : a student companion vol. 1 : Aden - Imperialism
260 ## - PUBLICATION, DISTRIBUTION, ETC. (IMPRINT)
Place of publication New York
260 ## - PUBLICATION, DISTRIBUTION, ETC. (IMPRINT)
Name of publisher Oxford University Press
260 ## - PUBLICATION, DISTRIBUTION, ETC. (IMPRINT)
Year of publication 2011
300 ## - PHYSICAL DESCRIPTION
Number of Pages 304 p
650 ## - SUBJECT ADDED ENTRY--TOPICAL TERM
Topical Term Comparative government--Handbooks, manuals, etc.--Juvenile literature. Comparative government--Handbooks, manuals, etc. World politics--Handbooks, manuals, etc.
942 ## - ADDED ENTRY ELEMENTS (KOHA)
Koha item type Books
Holdings
Withdrawn status Lost status Source of classification or shelving scheme Damaged status Not for loan Permanent Location Current Location Date acquired Accession Number Price effective from Koha item type
    Library of Congress Classification     NILE UNIVERSITY OF NIGERIA - MAIN LIBRARY NILE UNIVERSITY OF NIGERIA - MAIN LIBRARY 04/23/2025 0185909 04/23/2025 Books